[Event "XXVI Coppa d'Oro"]
[Site "Villa Guardia ITA"]
[Date "2008.10.31"]
[Round "4"]
[White "Larghi, Riccardo"]
[Black "Monetti, Egidio"]
[Result "1-0"]
[WhiteElo "1897"]
[BlackElo "1628"]
[PlyCount "59"]
[EventDate "2008.10.10"]

1. Nf3 g6 2. c4 Bg7 3. Nc3 d6 4. b3 Nc6 5. Bb2 Nf6 6. e3 Ne4 7. d4 Nxc3 8. Bxc3
f5 9. Be2 O-O 10. O-O e6 11. b4 Qe7 12. b5 Nb8 13. Qb3 Nd7 14. Rac1 Nf6 15. Bb4
Ne4 16. Rfd1 b6 17. Rc2 g5 18. Ne5 Bb7 19. f3 Nc5 20. dxc5 dxc5 21. Bc3 Rad8
22. Rcd2 Rxd2 23. Rxd2 Rd8 24. Rxd8+ Qxd8 25. Qc2 Qd6 26. Nd3 f4 27. Bxg7 Kxg7
28. Qc3+ Kg8 29. exf4 gxf4 30. Qe5 1-0

[Event "XXVI Coppa d'Oro"]
[Site "Villa Guardia ITA"]
[Date "2008.10.31"]
[Round "4"]
[White "Moioli, Ferruccio"]
[Black "Laricini, Alberto"]
[Result "0-1"]
[WhiteElo "1545"]
[BlackElo "1697"]
[PlyCount "112"]
[EventDate "2008.10.10"]

1. e4 Nf6 2. e5 Nd5 3. c4 Nb6 4. d4 d6 5. exd6 cxd6 6. Nf3 Bg4 7. b3 e6 8. Be2
Be7 9. O-O O-O 10. Nc3 Bf6 11. Ne4 Be7 12. Ng3 Nc6 13. h3 Bxf3 14. Bxf3 Bf6 15.
Bb2 d5 16. c5 Nc8 17. Nh5 Bg5 18. a3 g6 19. Ng3 a6 20. Bc1 Bf6 21. Be3 N8a7 22.
Be2 Re8 23. f4 Ne7 24. Bf2 Nac6 25. b4 Qc7 26. Qd2 Rad8 27. b5 axb5 28. Bxb5
Nf5 29. Ne2 Ra8 30. a4 Red8 31. g4 Nfe7 32. Bg3 Qc8 33. h4 Na5 34. Qd3 Bg7 35.
Qf3 Nc4 36. Ra2 Nc6 37. Bf2 Nb4 38. Bxc4 dxc4 39. Rb2 Nd3 40. Rxb7 Rxa4 41. Be3
Qa8 42. c6 Rc8 43. Rfb1 Ra1 44. Rxa1 Qxa1+ 45. Kh2 Qa8 46. f5 Ne1 47. Qf1 Rxc6
48. Rd7 Qe8 49. Rb7 Nc2 50. Bf4 Nxd4 51. Nxd4 Bxd4 52. fxe6 Qxe6 53. Qd1 Be5
54. Rb8+ Bxb8 55. Bxb8 Rc8 56. Bg3 Re8 0-1

[Event "XXVI Coppa d'Oro"]
[Site "Villa Guardia ITA"]
[Date "2008.10.31"]
[Round "4"]
[White "Pede, Lucio"]
[Black "Boffi, Luigi"]
[Result "0-1"]
[WhiteElo "1715"]
[BlackElo "1560"]
[PlyCount "80"]
[EventDate "2008.10.10"]

1. e4 c5 2. Nc3 e6 3. g3 Nc6 4. Bg2 Be7 5. Nge2 Nf6 6. f4 d5 7. e5 Nd7 8. O-O
O-O 9. d3 a6 10. Bd2 f6 11. Bh3 Nb6 12. exf6 Bxf6 13. f5 exf5 14. Nf4 d4 15.
Nce2 g6 16. c3 c4 17. dxc4 Nxc4 18. Bc1 b5 19. Bg2 Qd6 20. Bxc6 Qxc6 21. cxd4
Re8 22. Rf2 Bb7 23. Ng2 Rad8 24. b3 Ne5 25. Qf1 Ng4 26. Rf3 Rxe2 27. Qxe2 Bxd4+
28. Kh1 Bxa1 29. Rf1 Bd4 30. Bg5 Re8 31. Qd2 Ne3 32. Bxe3 Bxe3 33. Qb2 Bd4 34.
Qd2 Qc3 35. Qh6 Re1 36. Qf4 Rxf1+ 37. Qxf1 Qb2 38. h4 Qxa2 39. Kh2 Qxb3 40. Kh3
Qf3 0-1

[Event "XXVI Coppa d'Oro"]
[Site "Villa Guardia ITA"]
[Date "2008.10.31"]
[Round "4"]
[White "Raineri, Pieroberto"]
[Black "Giaracuni, Claudio"]
[Result "1/2-1/2"]
[WhiteElo "1699"]
[BlackElo "1780"]
[PlyCount "112"]
[EventDate "2008.10.10"]

1. d4 Nf6 2. c4 e5 3. dxe5 Ng4 4. Bf4 Nc6 5. Nf3 Bb4+ 6. Nbd2 Qe7 7. a3 Ngxe5
8. Nxe5 Nxe5 9. e3 Bxd2+ 10. Qxd2 d6 11. Be2 O-O 12. O-O Bf5 13. f3 Rfd8 14. e4
Be6 15. Qb4 f6 16. Rfd1 a5 17. Qc3 Qf7 18. Rac1 b6 19. Rd2 Rd7 20. b4 axb4 21.
axb4 Rdd8 22. c5 Ng6 23. Bg3 dxc5 24. bxc5 bxc5 25. Rxd8+ Rxd8 26. Qxc5 c6 27.
f4 f5 28. exf5 Bxf5 29. Bc4 Be6 30. Bxe6 Qxe6 31. f5 Qe2 32. fxg6 Rd1+ 33. Rxd1
Qxd1+ 34. Kf2 Qd2+ 35. Kf3 Qd3+ 36. Qe3 Qf1+ 37. Bf2 Qd1+ 38. Kg3 Qd6+ 39. Kh3
hxg6 40. g3 Qf6 41. g4 Kh7 42. Kg2 Qd6 43. h4 Qd5+ 44. Kh3 Qh1+ 45. Kg3 Qd5 46.
Qf3 Qe5+ 47. Kh3 Qe6 48. Qd3 Kh8 49. Qd8+ Kh7 50. Qc7 Qb3+ 51. Qg3 Qd5 52. Qg2
Qb3+ 53. Bg3 Qc4 54. Qb2 Qf1+ 55. Kh2 Qf3 56. Qd2 c5 1/2-1/2

[Event "XXVI Coppa d'Oro"]
[Site "Villa Guardia ITA"]
[Date "2008.11.07"]
[Round "5"]
[White "Boffi, Luigi"]
[Black "Grassetto, Gilberto"]
[Result "0-1"]
[WhiteElo "1560"]
[BlackElo "1886"]
[PlyCount "83"]
[EventDate "2008.10.10"]

1. e4 c5 2. Nc3 d6 3. g3 Nf6 4. Bg2 e6 5. Nge2 Be7 6. O-O a6 7. d3 Nbd7 8. f4
Qc7 9. Bd2 Rb8 10. a3 b5 11. b4 Bb7 12. Qe1 O-O 13. Kh1 Rfe8 14. Ng1 Rbd8 15.
Nf3 Bf8 16. Qc1 h6 17. Nd1 c4 18. Bc3 e5 19. fxe5 Nxe5 20. Nxe5 dxe5 21. Nf2
Rc8 22. Be1 cxd3 23. Qe3 dxc2 24. Rc1 Qc4 25. Bd2 Red8 26. Rfe1 Rd4 27. Bf1 Qc6
28. Bg2 h5 29. Kg1 Ng4 30. Nxg4 hxg4 31. Re2 a5 32. Qg5 f6 33. Qxg4 axb4 34.
axb4 Bxb4 35. Bh6 Rd1+ 36. Re1 Rxe1+ 37. Rxe1 Qc5+ 38. Kh1 Qe7 39. Bc1 Bxe1 40.
Qe2 Ba5 41. Qxb5 Qb4 42. Qe2 0-1

[Event "XXVI Coppa d'Oro"]
[Site "Villa Guardia ITA"]
[Date "2008.11.07"]
[Round "5"]
[White "Cairoli, Camillo"]
[Black "Zuccoli, Maurizio"]
[Result "1/2-1/2"]
[WhiteElo "1910"]
[BlackElo "1861"]
[PlyCount "61"]
[EventDate "2008.10.10"]

1. e4 c5 2. Nf3 d6 3. d4 cxd4 4. Nxd4 Nf6 5. Nc3 a6 6. Be2 Qc7 7. Be3 b5 8. f3
e5 9. Nb3 Be6 10. a3 Be7 11. O-O O-O 12. f4 Rd8 13. Qe1 Nc6 14. f5 Bxb3 15.
cxb3 Nd4 16. Bd1 Rac8 17. b4 d5 18. exd5 Nxd5 19. Nxd5 Rxd5 20. Rc1 Qd7 21.
Rxc8+ Qxc8 22. Qc3 Qd8 23. Bg4 f6 24. Rc1 g6 25. fxg6 hxg6 26. Qc8 f5 27. Bxd4
Rxd4 28. Qe6+ Kg7 29. Be2 Qd6 30. Qxd6 Rxd6 31. Rc2 1/2-1/2

[Event "XXVI Coppa d'Oro"]
[Site "Villa Guardia ITA"]
[Date "2008.11.07"]
[Round "5"]
[White "Corti, Filippo"]
[Black "Larghi, Riccardo"]
[Result "1-0"]
[WhiteElo "1706"]
[BlackElo "1897"]
[PlyCount "77"]
[EventDate "2008.10.10"]

1. Nf3 Nf6 2. g3 b6 3. Bg2 Bb7 4. d4 e6 5. O-O Be7 6. c4 O-O 7. Nc3 d5 8. cxd5
exd5 9. Bf4 c5 10. Nb5 Nc6 11. dxc5 bxc5 12. Rc1 a6 13. Nc3 d4 14. Na4 Ne4 15.
Nd2 Nxd2 16. Bxd2 Qc7 17. Nxc5 Bxc5 18. Rxc5 Qb6 19. Qc2 Rac8 20. Rc1 d3 21.
Qxd3 Ne7 22. Rxc8 Bxc8 23. Bc3 Rd8 24. Qe4 Be6 25. Qb4 Qc7 26. Qb7 Qc5 27. Qb4
Qc7 28. a3 Nd5 29. Bxd5 Rxd5 30. Qe4 Qd7 31. Qb4 h6 32. Qb8+ Kh7 33. Qf4 Rd1+
34. Be1 Rd4 35. Qe3 Qd5 36. Qf3 Qd7 37. h4 Bd5 38. Qc3 Qh3 39. f3 1-0

[Event "XXVI Coppa d'Oro"]
[Site "Villa Guardia ITA"]
[Date "2008.11.07"]
[Round "5"]
[White "Ghelfi, Giancarlo"]
[Black "Lotti, Riccardo"]
[Result "1-0"]
[WhiteElo "1559"]
[BlackElo "1374"]
[PlyCount "93"]
[EventDate "2008.10.10"]

1. e4 c6 2. d4 d5 3. exd5 cxd5 4. c4 Nf6 5. Nc3 dxc4 6. Bxc4 e6 7. Nf3 Be7 8.
O-O O-O 9. Re1 Nbd7 10. b3 Bb4 11. Bb2 Nd5 12. Qc2 N7f6 13. a3 Bd6 14. Ne5 a6
15. Ne4 b5 16. Bd3 Bb7 17. Nxd6 Qxd6 18. a4 Nb4 19. Qd2 Nxd3 20. Qxd3 Qd5 21.
f3 b4 22. Rac1 Rac8 23. Nc4 Rc6 24. Re5 Qd8 25. Rd1 Nd5 26. Na5 Rc7 27. Nxb7
Rxb7 28. Qxa6 Rb6 29. Qd3 f6 30. Re4 f5 31. Re5 Nf4 32. Qd2 Qg5 33. g3 Nh3+ 34.
Kg2 Qh5 35. Qe3 Ng5 36. Qf4 Qh3+ 37. Kh1 h6 38. d5 Rd6 39. Rxe6 Rxd5 40. Ree1
Rdd8 41. Rxd8 Rxd8 42. Qc7 Nf7 43. Qc4 Qh5 44. Kg2 Kh7 45. Qxb4 Ng5 46. Qc3 Re8
47. Qxg7# 1-0

[Event "XXVI Coppa d'Oro"]
[Site "Villa Guardia ITA"]
[Date "2008.11.07"]
[Round "5"]
[White "Giaracuni, Claudio"]
[Black "Pede, Lucio"]
[Result "0-1"]
[WhiteElo "1780"]
[BlackElo "1715"]
[PlyCount "26"]
[EventDate "2008.10.10"]

1. c4 e5 2. Nc3 Nf6 3. Nf3 Nc6 4. g3 Bc5 5. Bg2 d6 6. O-O Be6 7. b3 Qd7 8. Re1
h6 9. d3 Bh3 10. Bh1 h5 11. Ng5 h4 12. Nxh3 hxg3 13. Bxc6 bxc6 0-1

[Event "XXVI Coppa d'Oro"]
[Site "Villa Guardia ITA"]
[Date "2008.11.07"]
[Round "5"]
[White "Laricini, Alberto"]
[Black "Colombo, Alberto"]
[Result "1/2-1/2"]
[WhiteElo "1697"]
[BlackElo "2089"]
[PlyCount "102"]
[EventDate "2008.10.10"]

1. d4 Nf6 2. Nf3 c5 3. d5 d6 4. c4 b5 5. b3 g6 6. Bb2 Bg7 7. Nbd2 O-O 8. e4
bxc4 9. Bxc4 e6 10. O-O exd5 11. exd5 Bb7 12. Nb1 Nbd7 13. Nc3 Ng4 14. Rb1 Re8
15. h3 Nge5 16. Bb5 Nxf3+ 17. Qxf3 Ne5 18. Qd1 Re7 19. Re1 f5 20. Ne2 Qa5 21.
a4 a6 22. Bc4 Rae8 23. Kf1 g5 24. Bc3 Qd8 25. Qd2 f4 26. Ng1 Bc8 27. Be2 Bf5
28. Rbc1 Qb6 29. Qd1 Be4 30. Bxe5 Rxe5 31. Nf3 Bxf3 32. gxf3 Kh8 33. Qd3 a5 34.
Rb1 Qc7 35. Qd2 Qc8 36. Kg2 Qa8 37. Bc4 Qd8 38. Rxe5 Bxe5 39. Re1 Kg7 40. Qd3
Qf6 41. Re2 h5 42. Bb5 Re7 43. Qe4 g4 44. fxg4 hxg4 45. hxg4 Qh4 46. Qf3 Rf7
47. Re1 Rf8 48. Rh1 Qf6 49. Bd3 Rh8 50. Rxh8 Kxh8 51. Qh3+ Kg8 1/2-1/2

[Event "XXVI Coppa d'Oro"]
[Site "Villa Guardia ITA"]
[Date "2008.11.07"]
[Round "5"]
[White "Liscio, Giovanni"]
[Black "Cardani, Roberto"]
[Result "1-0"]
[WhiteElo "1972"]
[BlackElo "1900"]
[PlyCount "82"]
[EventDate "2008.10.10"]

1. d4 Nf6 2. Nf3 g6 3. c4 Bg7 4. Nc3 d5 5. e3 c6 6. Be2 O-O 7. O-O a6 8. a4 a5
9. b3 Na6 10. Ba3 Re8 11. Ne5 Be6 12. f3 Nb4 13. Qd2 Nd7 14. Nxd7 Qxd7 15. c5
Na6 16. Rad1 h5 17. Bd3 h4 18. Ne2 Nc7 19. Bb2 Bf5 20. Bxf5 Qxf5 21. Bc3 e5 22.
Bxa5 Ne6 23. Bc3 Re7 24. Rf2 Rae8 25. b4 Ng5 26. b5 h3 27. Ng3 Qc8 28. f4 exd4
29. exd4 Ne4 30. Nxe4 Rxe4 31. g3 Qg4 32. bxc6 bxc6 33. a5 Re2 34. Rxe2 Rxe2
35. Qd3 Bh6 36. Rf1 g5 37. f5 Rg2+ 38. Kh1 Ra2 39. Ra1 Rf2 40. a6 Rf3 41. Qe2
Rxc3 1-0

[Event "XXVI Coppa d'Oro"]
[Site "Villa Guardia ITA"]
[Date "2008.11.07"]
[Round "5"]
[White "Moioli, Ferruccio"]
[Black "Cervini, Gian Piero"]
[Result "1-0"]
[WhiteElo "1545"]
[BlackElo "1768"]
[PlyCount "115"]
[EventDate "2008.10.10"]

1. d4 Nf6 2. Nc3 g6 3. e4 d6 4. Bg5 Bg7 5. Be2 h6 6. Bh4 O-O 7. Nf3 e6 8. O-O
g5 9. Bg3 Nh5 10. Ne1 Nxg3 11. fxg3 Nc6 12. d5 exd5 13. exd5 Ne7 14. Bh5 Bf5
15. Rb1 Qd7 16. Nf3 Bg4 17. Bxg4 Qxg4 18. Qd3 Rae8 19. Rbe1 a6 20. Re4 Qd7 21.
b3 Ng6 22. Rb4 g4 23. Nh4 Ne5 24. Qf5 b5 25. Qxd7 Nxd7 26. Rxg4 Kh7 27. Nd1 Re2
28. Rgf4 Kg8 29. c4 bxc4 30. Rxc4 Nb6 31. Rxc7 Nxd5 32. Rd7 Bd4+ 33. Kh1 Bc5
34. Nf5 Nf6 35. Rb7 Ng4 36. h3 Nf2+ 37. Nxf2 Bxf2 38. Kh2 Rxa2 39. Nxd6 Rd8 40.
Ne4 f5 41. Nxf2 Rdd2 42. Kg1 h5 43. Rb4 Kg7 44. g4 hxg4 45. hxg4 fxg4 46. Rxg4+
Kh6 47. g3 Kh5 48. Rg8 Kh6 49. Kg2 Kh7 50. Rg4 Rd6 51. Rh1+ Rh6 52. Rxh6+ Kxh6
53. Ra4 Rb2 54. Rxa6+ Kg5 55. Rb6 Kf5 56. Kf3 Kg5 57. g4 Rc2 58. Ne4+ 1-0

[Event "XXVI Coppa d'Oro"]
[Site "Villa Guardia ITA"]
[Date "2008.11.07"]
[Round "5"]
[White "Monetti, Egidio"]
[Black "Raineri, Pieroberto"]
[Result "0-1"]
[WhiteElo "1628"]
[BlackElo "1699"]
[PlyCount "113"]
[EventDate "2008.10.10"]

1. Nf3 c5 2. d4 cxd4 3. Nxd4 Nc6 4. e4 e5 5. Nf3 Nf6 6. Bg5 Be7 7. Bxf6 Bxf6 8.
Bc4 O-O 9. Nc3 Ne7 10. Nb5 d5 11. Bxd5 Nxd5 12. Qxd5 Qxd5 13. exd5 Bd7 14. Nd6
b5 15. c3 e4 16. Nd2 Bd8 17. N2xe4 f5 18. Nc5 Rf6 19. Ndb7 Be8 20. O-O-O Bb6
21. b4 a5 22. d6 axb4 23. cxb4 Bxc5 24. bxc5 Rxa2 25. d7 Bxd7 26. Kb1 Rfa6 27.
Rhe1 Ra1+ 28. Kb2 Rxd1 29. Rxd1 Bc6 30. Rd6 Bxb7 31. Rxa6 Bxa6 32. Kc3 Kf7 33.
Kb4 Ke7 34. Ka5 Kd8 35. Kxa6 b4 36. Kb7 b3 37. c6 b2 38. c7+ Ke7 39. c8=Q b1=Q+
40. Ka6 Qd3+ 41. Kb6 Qb3+ 42. Ka6 Qa4+ 43. Kb6 Qd4+ 44. Qc5+ Qd6+ 45. Qc6 Ke6
46. f4 Ke7 47. Kb5 Qxf4 48. Qb7+ Ke6 49. Qc8+ Kf6 50. Qd8+ Kg6 51. h4 Qf1+ 52.
Kc5 Qxg2 53. Qe8+ Kh6 54. Qe3+ Kh5 55. Qe8+ Kxh4 56. Qf7 Qg5 57. Kd4 0-1

[Event "XXVI Coppa d'Oro"]
[Site "Villa Guardia ITA"]
[Date "2008.11.14"]
[Round "6"]
[White "Calabrese, Salvatore"]
[Black "Monetti, Egidio"]
[Result "0-1"]
[WhiteElo "1251"]
[BlackElo "1628"]
[PlyCount "38"]
[EventDate "2008.10.10"]

1. e4 g6 2. Nc3 Bg7 3. Nf3 d6 4. d4 Nf6 5. h3 O-O 6. Bf4 Nc6 7. a3 e5 8. dxe5
dxe5 9. Nxe5 Nh5 10. Bg3 Nxe5 11. Bxe5 Bxe5 12. Nb5 a6 13. Nc3 Be6 14. g3 Qf6
15. Qd2 Rad8 16. Qe3 Bd4 17. Qc1 Qxf2+ 18. Kd1 Bxc3+ 19. Bd3 Qf3# 0-1

[Event "XXVI Coppa d'Oro"]
[Site "Villa Guardia ITA"]
[Date "2008.11.14"]
[Round "6"]
[White "Cardani, Roberto"]
[Black "Moioli, Ferruccio"]
[Result "1-0"]
[WhiteElo "1900"]
[BlackElo "1545"]
[PlyCount "101"]
[EventDate "2008.10.10"]

1. e4 e5 2. Nf3 Nc6 3. Bb5 d6 4. d4 exd4 5. Qxd4 Bd7 6. Bxc6 Bxc6 7. Nc3 Nf6 8.
Bg5 Be7 9. O-O-O Qd7 10. Rhe1 h6 11. e5 hxg5 12. exf6 gxf6 13. Rxe7+ Kxe7 14.
Re1+ Kf8 15. Qxf6 Rg8 16. Qh6+ Rg7 17. Nxg5 Kg8 18. Nce4 Bxe4 19. Nxe4 Rg6 20.
Qxg6+ fxg6 21. Nf6+ Kf7 22. Nxd7 Rd8 23. Ne5+ dxe5 24. Rxe5 b6 25. h4 Kf6 26.
Re3 Rd4 27. g3 Kf5 28. Rd3 Rc4 29. b3 Rc6 30. Kd2 Kg4 31. Rd4+ Kf3 32. Rf4+ Kg2
33. c4 Rd6+ 34. Ke3 a5 35. g4 Kh3 36. g5 Re6+ 37. Re4 Rd6 38. Rf4 Re6+ 39. Kf3
Rd6 40. Rf6 Kxh4 41. Rxd6 cxd6 42. Kf4 Kh5 43. Ke4 Kxg5 44. Kd5 Kf4 45. Kxd6 g5
46. Kc6 g4 47. Kxb6 Kf3 48. c5 Kxf2 49. c6 g3 50. c7 g2 51. c8=Q 1-0

[Event "XXVI Coppa d'Oro"]
[Site "Villa Guardia ITA"]
[Date "2008.11.11"]
[Round "6"]
[White "Colombo, Alberto"]
[Black "Ghelfi, Giancarlo"]
[Result "1-0"]
[WhiteElo "2089"]
[BlackElo "1559"]
[PlyCount "71"]
[EventDate "2008.10.10"]

1. e4 c5 2. c3 d5 3. exd5 Qxd5 4. d4 Nc6 5. Nf3 cxd4 6. cxd4 e5 7. Nc3 Bb4 8.
Bd2 Bxc3 9. Bxc3 e4 10. Ne5 Nxe5 11. dxe5 Ne7 12. Qe2 O-O 13. Rd1 Qxa2 14. Qxe4
Qe6 15. Bd3 Ng6 16. O-O Qg4 17. f4 Bd7 18. h3 Qh4 19. Qxb7 Bxh3 20. gxh3 Nxf4
21. Rxf4 Qxf4 22. Qg2 Qh6 23. Bc4 Rae8 24. Kh1 Kh8 25. Rg1 f6 26. e6 Rb8 27.
Bd2 g5 28. Bc3 Rb7 29. Kh2 Rg7 30. Qe4 g4 31. Rxg4 Rxg4 32. Qxg4 Rg8 33. Qxg8+
Kxg8 34. e7+ Kg7 35. e8=Q Qf4+ 36. Kg2 1-0

[Event "XXVI Coppa d'Oro"]
[Site "Villa Guardia ITA"]
[Date "2008.11.14"]
[Round "6"]
[White "Grassetto, Gilberto"]
[Black "Laricini, Alberto"]
[Result "1-0"]
[WhiteElo "1886"]
[BlackElo "1697"]
[PlyCount "115"]
[EventDate "2008.10.10"]

1. d4 c5 2. d5 d6 3. c4 Nf6 4. Nc3 g6 5. e4 Bg7 6. Bd3 O-O 7. Nge2 Nbd7 8. f4
Re8 9. O-O e6 10. f5 exd5 11. cxd5 Ne5 12. fxg6 hxg6 13. Bg5 a6 14. a4 Rb8 15.
h3 Ned7 16. Qd2 Ne5 17. Rf2 c4 18. Bc2 b5 19. axb5 axb5 20. Raf1 Ned7 21. Nd4
b4 22. Nc6 Qb6 23. Nxb8 Nxb8 24. Be3 Qd8 25. Ne2 Ba6 26. Bd4 Nxe4 27. Bxe4 c3
28. bxc3 bxc3 29. Bxc3 Bxc3 30. Nxc3 Bxf1 31. Rxf1 Kg7 32. Qd4+ Re5 33. Nd1 Qe7
34. Nf2 Kg8 35. Bf3 Qg5 36. Qb6 Re8 37. Qxd6 Rd8 38. Qb6 Nd7 39. Qb2 Ne5 40.
Ne4 Qe3+ 41. Qf2 Qf4 42. Qb6 Rf8 43. d6 Nxf3+ 44. gxf3 Qh4 45. Kg2 f5 46. Ng3
Qg5 47. Kh2 Rd8 48. Rd1 Qf6 49. Qd4 Qf7 50. f4 Qa2+ 51. Rd2 Qf7 52. Nh1 Kh7 53.
Nf2 Qb7 54. Nd3 Qf3 55. Ne5 Qf1 56. d7 Ra8 57. Nf7 Qf3 58. Ng5+ 1-0

[Event "XXVI Coppa d'Oro"]
[Site "Villa Guardia ITA"]
[Date "2008.11.14"]
[Round "6"]
[White "Liscio, Giovanni"]
[Black "Cairoli, Camillo"]
[Result "1-0"]
[WhiteElo "1972"]
[BlackElo "1910"]
[PlyCount "81"]
[EventDate "2008.10.10"]

1. Nf3 Nf6 2. d4 d5 3. c4 e6 4. e3 Be7 5. Nc3 O-O 6. Bd3 c5 7. O-O cxd4 8. exd4
dxc4 9. Bxc4 Nc6 10. h3 a6 11. a3 b5 12. Ba2 Qd6 13. Be3 Rd8 14. Qe2 Bb7 15.
Rfd1 Rac8 16. Rac1 Qb8 17. Bg5 h6 18. Bh4 b4 19. axb4 Nxb4 20. Bb1 Nbd5 21.
Nxd5 Bxd5 22. Ne5 g5 23. Bg3 Qb6 24. h4 Rxc1 25. Rxc1 Qxd4 26. hxg5 hxg5 27.
Rd1 Qb6 28. Qd2 Nh5 29. Qc2 f5 30. Ng6 Bc5 31. Be5 Kh7 32. g4 Be4 33. Qe2 Bxf2+
34. Kh2 Rxd1 35. Qxd1 Bg1+ 36. Qxg1 Qxg1+ 37. Kxg1 Kxg6 38. gxh5+ Kxh5 39. Bxe4
fxe4 40. Bc3 Kg4 41. Kf2 1-0

[Event "XXVI Coppa d'Oro"]
[Site "Villa Guardia ITA"]
[Date "2008.11.14"]
[Round "6"]
[White "Lotti, Riccardo"]
[Black "Cervini, Gian Piero"]
[Result "0-1"]
[WhiteElo "1374"]
[BlackElo "1768"]
[PlyCount "48"]
[EventDate "2008.10.10"]

1. Nf3 Nf6 2. g3 g6 3. Bg2 Bg7 4. O-O O-O 5. d3 d6 6. c3 c5 7. Nbd2 Nc6 8. e4
b5 9. a3 Qc7 10. h3 a5 11. Qe2 Ba6 12. c4 bxc4 13. Nxc4 Rab8 14. Rb1 Rb3 15.
Nfd2 Nd4 16. Qd1 Rxd3 17. Re1 Bxc4 18. Qa4 Bb5 19. Qd1 Qd7 20. Kh1 Ba4 21. Bf1
Bxd1 22. Bxd3 Qxh3+ 23. Kg1 Bf3 24. Bf1 Qh1# 0-1

[Event "XXVI Coppa d'Oro"]
[Site "Villa Guardia ITA"]
[Date "2008.11.14"]
[Round "6"]
[White "Pede, Lucio"]
[Black "Larghi, Riccardo"]
[Result "1-0"]
[WhiteElo "1715"]
[BlackElo "1897"]
[PlyCount "29"]
[EventDate "2008.10.10"]

1. e4 c6 2. d4 d5 3. e5 c5 4. Nf3 Bg4 5. Nc3 e6 6. Be2 Nc6 7. Be3 Nge7 8. h3
Bh5 9. g4 Bg6 10. Nb5 Nc8 11. dxc5 f6 12. Nd6+ Bxd6 13. exd6 O-O 14. Bd3 e5 15.
Bxg6 1-0

[Event "XXVI Coppa d'Oro"]
[Site "Villa Guardia ITA"]
[Date "2008.11.14"]
[Round "6"]
[White "Raineri, Pieroberto"]
[Black "Boffi, Luigi"]
[Result "0-1"]
[WhiteElo "1699"]
[BlackElo "1560"]
[PlyCount "80"]
[EventDate "2008.10.10"]

1. d4 d5 2. c4 e6 3. cxd5 exd5 4. Nc3 Nf6 5. Bg5 Be7 6. e3 O-O 7. Bd3 c6 8.
Nge2 Bg4 9. O-O Nbd7 10. Qc2 h6 11. Bh4 Re8 12. f3 Be6 13. Bf2 c5 14. Ng3 cxd4
15. exd4 a6 16. Nf5 Bf8 17. Bg3 Nb8 18. Rac1 Nc6 19. Qf2 Rc8 20. Kh1 Qd7 21.
Ne3 Bd6 22. Bxd6 Qxd6 23. Nf5 Bxf5 24. Bxf5 Rc7 25. Rfe1 Rce7 26. Rxe7 Qxe7 27.
Na4 Qe3 28. Qxe3 Rxe3 29. Nc5 Nxd4 30. Bc8 Re2 31. Rb1 Rc2 32. Bxb7 Rxc5 33.
Bxa6 Ra5 34. Bd3 Rxa2 35. b4 Rd2 36. Bf1 Nd7 37. b5 Nb6 38. h3 Nc2 39. Rb2 Rd1
40. Kg1 Ne3 0-1

[Event "XXVI Coppa d'Oro"]
[Site "Villa Guardia ITA"]
[Date "2008.11.14"]
[Round "6"]
[White "Zuccoli, Maurizio"]
[Black "Corti, Filippo"]
[Result "1-0"]
[WhiteElo "1861"]
[BlackElo "1706"]
[PlyCount "93"]
[EventDate "2008.10.10"]

1. e4 c6 2. d4 d5 3. Nc3 dxe4 4. Nxe4 Bf5 5. Ng3 Bg6 6. Nf3 Nd7 7. Bc4 e6 8.
O-O Ngf6 9. Re1 Nd5 10. c3 Bd6 11. Ne4 Bxe4 12. Rxe4 N7f6 13. Re1 Qc7 14. h3
O-O-O 15. a4 h6 16. Qc2 g5 17. b4 g4 18. hxg4 Nxg4 19. g3 Bxg3 20. fxg3 Qxg3+
21. Qg2 Qc7 22. Kh1 Rdg8 23. Bd2 Nge3 24. Qe2 Nf5 25. Qe5 Qxe5 26. Nxe5 Rg3 27.
Rg1 Rh3+ 28. Kg2 Rg3+ 29. Kf2 Rhg8 30. Rxg3 Nxg3 31. Bxd5 cxd5 32. Bxh6 Ne4+
33. Ke3 Rg3+ 34. Nf3 Kd7 35. Bf4 Rh3 36. c4 Nc3 37. c5 Ne4 38. b5 Nc3 39. c6+
bxc6 40. bxc6+ Kc8 41. Rg1 Rh8 42. Rc1 Nxa4 43. Ra1 Nb6 44. Rxa7 Nc4+ 45. Kf2
Nb6 46. Rb7 Nc4 47. Rb8# 1-0

[Event "XXVI Coppa d'Oro"]
[Site "Villa Guardia ITA"]
[Date "2008.11.21"]
[Round "7"]
[White "Cairoli, Camillo"]
[Black "Colombo, Alberto"]
[Result "1-0"]
[WhiteElo "1910"]
[BlackElo "2089"]
[PlyCount "81"]
[EventDate "2008.10.10"]

1. e4 d6 2. d4 c6 3. Be3 g6 4. Qd2 Bg7 5. Nc3 Nd7 6. f4 e6 7. Nf3 Ne7 8. h4 h5
9. Ng5 Qa5 10. Be2 b5 11. a3 a6 12. g4 Nf6 13. gxh5 Nxh5 14. Bf3 Bd7 15. Ne2
Qc7 16. Kf2 f6 17. Nh3 a5 18. c3 a4 19. Kg2 d5 20. Rhe1 Nc8 21. Ng3 Nxg3 22.
Kxg3 Nd6 23. Nf2 Bh6 24. Rh1 Nc4 25. Qe2 Kd8 26. Ng4 Bg7 27. Bf2 Kc8 28. Ne3 e5
29. dxe5 fxe5 30. Nxc4 exf4+ 31. Kg2 dxc4 32. Rad1 Kb7 33. Rd2 Be6 34. Bg4 Qe7
35. Rhd1 Bxg4 36. Qxg4 Qxe4+ 37. Kg1 Bf6 38. Rd7+ Ka6 39. Re1 Qf5 40. Qxf5 gxf5
41. Re6 1-0

[Event "XXVI Coppa d'Oro"]
[Site "Villa Guardia ITA"]
[Date "2008.11.21"]
[Round "7"]
[White "Cervini, Gian Piero"]
[Black "Boffi, Luigi"]
[Result "1-0"]
[WhiteElo "1768"]
[BlackElo "1560"]
[PlyCount "55"]
[EventDate "2008.10.10"]

1. e4 c5 2. c3 d6 3. d4 cxd4 4. cxd4 e6 5. Nf3 Be7 6. Nc3 Nf6 7. Bd3 a6 8. Bf4
b5 9. e5 dxe5 10. dxe5 Nd5 11. Nxd5 Qxd5 12. O-O Bb7 13. Qe2 Qd8 14. Rfd1 Nd7
15. a4 b4 16. Rac1 O-O 17. Nd4 g6 18. Nc6 Bxc6 19. Rxc6 Qa5 20. Rxa6 Rxa6 21.
Bxa6 Rd8 22. Qb5 Qc7 23. Rc1 Bc5 24. Be3 Rb8 25. Qc4 Qb6 26. Bxc5 Nxc5 27. Bb5
Rd8 28. Qxc5 1-0

[Event "XXVI Coppa d'Oro"]
[Site "Villa Guardia ITA"]
[Date "2008.11.21"]
[Round "7"]
[White "Corti, Filippo"]
[Black "Grassetto, Gilberto"]
[Result "0-1"]
[WhiteElo "1706"]
[BlackElo "1886"]
[PlyCount "124"]
[EventDate "2008.10.10"]

1. Nf3 d5 2. g3 c5 3. Bg2 Nc6 4. d3 e5 5. O-O Be7 6. Nbd2 Nf6 7. e4 O-O 8. Re1
d4 9. Nc4 Nd7 10. a4 a5 11. Rf1 Qc7 12. Nfd2 b6 13. f4 exf4 14. gxf4 Bb7 15. e5
Nb4 16. Ne4 Bc6 17. Qe2 f5 18. Ned6 Bxg2 19. Qxg2 Qc6 20. Qxc6 Nxc6 21. e6 Bxd6
22. exd7 Bc7 23. Bd2 Rad8 24. Rae1 Kf7 25. Ne5+ Nxe5 26. fxe5 Ke6 27. Rf3 Rxd7
28. Rh3 g6 29. Bh6 Rff7 30. Bf4 Rd5 31. c4 dxc3 32. bxc3 Rfd7 33. Rd1 Re7 34.
Bg5 Rf7 35. Bf6 Bxe5 36. Bxe5 Rxe5 37. Kf2 Kf6 38. Rb1 Re6 39. d4 cxd4 40. cxd4
h5 41. Rhb3 Rb7 42. Rb5 Rd6 43. Ke3 g5 44. Rxa5 Re7+ 45. Re5 Rxe5+ 46. dxe5+
Kxe5 47. Rb5+ Kf6 48. a5 bxa5 49. Rxa5 g4 50. Kf4 Rd4+ 51. Ke3 Rb4 52. Kf2 h4
53. Ra6+ Kg5 54. Ra8 Kf4 55. Ra5 g3+ 56. hxg3+ hxg3+ 57. Kg2 Kg4 58. Ra3 f4 59.
Rc3 Rb2+ 60. Kg1 f3 61. Rc4+ Kh3 62. Rc1 g2 0-1

[Event "XXVI Coppa d'Oro"]
[Site "Villa Guardia ITA"]
[Date "2008.11.21"]
[Round "7"]
[White "Ghelfi, Giancarlo"]
[Black "Pede, Lucio"]
[Result "1/2-1/2"]
[WhiteElo "1559"]
[BlackElo "1715"]
[PlyCount "43"]
[EventDate "2008.10.10"]

1. e4 e5 2. Nf3 Nc6 3. Bb5 Nd4 4. Nxd4 exd4 5. O-O c6 6. Bc4 b5 7. Bb3 c5 8.
Bd5 Rb8 9. a4 a6 10. Qh5 Qf6 11. Bxf7+ Kd8 12. d3 g6 13. Qg5 Be7 14. Qxf6 Nxf6
15. axb5 axb5 16. Bf4 Rb6 17. Ra7 Rb7 18. Ra8 Rf8 19. Bb3 Ng8 20. Bd5 Rb6 21.
Bd2 b4 22. Na3 1/2-1/2

[Event "XXVI Coppa d'Oro"]
[Site "Villa Guardia ITA"]
[Date "2008.11.21"]
[Round "7"]
[White "Larghi, Riccardo"]
[Black "Giaracuni, Claudio"]
[Result "1/2-1/2"]
[WhiteElo "1897"]
[BlackElo "1780"]
[PlyCount "84"]
[EventDate "2008.10.10"]

1. e4 c5 2. Nf3 d6 3. d4 cxd4 4. Nxd4 Nf6 5. Nc3 a6 6. Be3 e6 7. Qd2 Be7 8. f3
O-O 9. g4 b5 10. O-O-O Bb7 11. h4 Nc6 12. h5 d5 13. Nxc6 Bxc6 14. g5 Ne8 15.
exd5 exd5 16. Nxd5 Bxd5 17. Qxd5 Qxd5 18. Rxd5 Nd6 19. Bd3 Rfd8 20. Rd1 Nb7 21.
Be4 Rxd5 22. Rxd5 Rd8 23. a4 Rxd5 24. Bxd5 Nc5 25. axb5 axb5 26. g6 hxg6 27.
hxg6 Ne6 28. Kd2 Kf8 29. Kd3 Nd8 30. Ke4 fxg6 31. b3 Nf7 32. Bxf7 Kxf7 33. Kd5
Kf6 34. Bd4+ Kf5 35. Bxg7 Kf4 36. Kc6 b4 37. Kd7 Bc5 38. Ke6 Kxf3 39. c3 bxc3
40. Bxc3 g5 41. Kf7 g4 42. Be5 Bf2 1/2-1/2